Normal view
MARC view
- Stankard, Martin F.
Entry Personal Name
001 - CONTROL NUMBER
- control field: 6635
003 - CONTROL NUMBER IDENTIFIER
- control field: OSt
005 - DATE AND TIME OF LATEST TRANSACTION
- control field: 20170522092338.0
008 - FIXED-LENGTH DATA ELEMENTS
- fixed length control field: 170522|| aca||aabn | a|a d
040 ## - CATALOGING SOURCE
- Original cataloging agency: OSt
- Transcribing agency: OSt
100 ## - HEADING--PERSONAL NAME
- Personal name: Stankard, Martin F.
670 ## - SOURCE DATA FOUND
- Source citation: Work cat.: (OSt): Stankard, Martin F., Productivity by choice :, c1986

PORTAL AKMAL
E-MEL JKDM
AKMAL2U
G-BAM
u-PUSTAKA